| 000 | 01036nam a2200265 i 4500 | ||
|---|---|---|---|
| 001 | bg | ||
| 946 | _uzamówienie stałe | ||
| 100 | 1 | _aŻuchowicz-Wodnikowska, Iwonna. | |
| 245 | 1 | 0 |
_aMetody określania emisji i imisji hałasu przemysłowego w środowisku : _b[instrukcja] / _cIwona Żuchowicz-Wodnikowska, Kazimierz Czyżewski. |
| 260 |
_aWarszawa : _bITB, _c2003. |
||
| 300 |
_a46 s. : _brys. ; _c24 cm. |
||
| 490 | 1 |
_aInstrukcje, Wytyczne, Poradniki / Instytut Techniki Budowlanej ; _v338/2003 |
|
| 504 | _aBibliogr., wykaz norm. | ||
| 650 | 9 |
_aHałas przemysłowy _xpomiary |
|
| 700 | 1 | _aCZYŻEWSKI, Kazimierz. | |
| 710 | 2 | _aInstytut Techniki Budowlanej | |
| 830 | 0 |
_aInstrukcje, Wytyczne, Poradniki - Instytut Techniki Budowlanej ; _v338/2003 |
|
| 020 | _a8374130121 | ||
| 040 | _cBPK | ||
| 041 | 0 | _apol | |
| 080 | _a628.517.2:534](083.1) | ||
| 920 | _a83-7413-012-1 | ||
| 942 | _cKS | ||
| 008 | s pl f |000 0 pol | ||
| 999 |
_c43680 _d43680 |
||
| 856 |
_uhttp://koha.tu.koszalin.pl/cgi-bin/koha/opac-detail.pl?biblionumber=43680 _yKatalog online BPK |
||